| 000 | 00613nam a2200205 a 4500 | ||
|---|---|---|---|
| 001 | 000040201 | ||
| 005 | 20201002033959.0 | ||
| 008 | 130815s1976 sp 000 0 spa d | ||
| 020 | _a8425209005 | ||
| 040 |
_aDO-SdBNP _bspa _cBNPHU |
||
| 100 | 1 |
_aPedoe, Dan _966468 |
|
| 240 | 1 | 0 |
_aGeometry and the liberal arts _lespañol |
| 245 | 1 | 3 |
_aLa geometría en el arte / _cDan Pedoe. |
| 260 |
_aMadrid : _bEditorial Gustavo Gill, _c1976. |
||
| 300 |
_a289 p. : _bil., retrs. ; _c21 cm. |
||
| 490 | 1 | _aPunto y línea | |
| 500 | 1 | _aIncluye índice | |
| 504 | _aBibliografía : p. 281 | ||
| 830 | 0 |
_aPunto y línea _948287 |
|
| 999 |
_c39691 _d39691 |
||